01720nam a2200265Ia 4500001000600000003000900006008004100015040001300056040001300069041001300082100002700095100002900122245007900151245007800230250001100308260000900319260003700328260004900365300004300414500089300457650002401350650003101374700002101405700002801426E2560IT-RoPAU130308s9999 xx 000 0 und d aIT-RoPAU cIT-RoPAU aITALIANO aLasagni Maria Cristina gCodice Aut. SPICS: 20593 aTelevisione e qualità: la ricerca internazionale, il dibattito in Italia bTelevisione e Qualita': la Ricerca Internazionale, Il Dibattito in Italia a1a ed. aROMA bRai - Radio Televisione Italiana c1996 [1° Ed.:1996 - Ed.Ling.Originale:1996] a"200 p. (prefazione: no ; testo: 200)" aRisultati della Piu' Recente Ricerca internazionale e le Riflessioni e le valutazioni Espresse in Lunghe interviste da 30 Italiani Competenti: Autoridi Programmi, Direttori di Rete e responsabili della Programmazione, Critici e Studiosi di vari Aspetti della Comunicazione Televisiva. Punti di Vista e Criteri di misurazione nel Dibattito Internazionale: Diversità Come Fattore di Qualità, Qualità Come relazione tra Contenuto e Realtà, Qualità dal Punto di Vista del Telespettatore, Qualità dal Punto di Vista degli Esperti, Qualità dal Punto di Vista dei Broadcasters. Punti di Vista Sullaqualità televisiva in Italia: Qualità del Programma, Qualità dei Generi, Qualità della Rete, Qualità del Sistema, Televisione maschile Femminilee Neutra?, rappresentazione del Sesso, rappresentazione della Violenza. Riferimenti Bibliografici. Sommari in Francese e Inglese. aTEORICHE TELEVISIVE eCodice materia Spics: 6955 aRicheri Giuseppe gCodice Aut. SPICS: 2060